College Quizbowl Stats
College Quizbowl Stats
Circuits
Seasons
Sets
Records
Detailed Stats
About
Loading...
Northeast
Tossups
Bonuses
Players
Teams
Categories (Tossup)
Categories (Bonus)
Julia Appel
Tufts A
Categories
Category
Powers
Gets
Negs
BBs
Points
Earliest Buzz
Avg. Buzz
First Buzzes
Top 3 Buzzes
BPA
PVF
Fine Arts - Painting and Sculpture
0
1
0
1
10
141
141.00
0
0
0.00
0.00
Social Science
0
1
0
1
10
125
125.00
0
0
0.00
0.00
Philosophy
0
0
0
0
0
0.00
0
0
0.00
0.00
History - European
0
0
1
0
-5
0.00
0
0
0.00
0.00
Buzzes
Category
Answer
Value
Buzz Position
History - European
July Revolution
-5
93
Social Science
mazes
10
125
Philosophy
The Birth of Tragedy
0
130
Fine Arts - Painting and Sculpture
monarch of Spain
10
141
Previous
1
Next